00818cam a22002411 450000100060000000300080000600500170001400800410003103500190007203500190009104000300011004100080014008200220014810000330017024500550020326000420025830000380030050400300033865100490036894200120041799900170042995201300044624100BD-RjUL20211209001017.0750801s1962 ilua b 000 0 eng  a(BD-RjUL)24166 a(BD-RjUL)24166 aDLCcOCUdOCoLCdDLCbeng aeng a942.082bHAT 19661 aHavighurst, Alfred F.97424610aTwentieth-century Britain.c Alfred F. Havighurst. aEvanston, Ill.,bRow, Petersonc1966. axiii , 572 p. :billus. ;c24 cm. aBibliography: p. 478-486. 0aGreat BritainxHistoryy20th century.917470 2ddccBK c24100d24100 00102ddc40728NFICaRUCLbRUCLcReadingd1974-03-09eCanadal0o942.082 HAT 1966r2014-03-12 00:00:00tC-1w2014-03-12yBK